Statistiken für Die größten Städte Deutschlands mit T

Klicken Sie hier um das Quiz zu spielen!

Allgemein

  • Dieses Quiz wurde 219 mal gespielt
  • Das Durchschnittsergebnis liegt bei 4 aus 12

Antwortstatistiken

BundeslandStadt% Korrekt
Baden-WürttembergTübingen
90%
Rheinland-PfalzTrier
84%
Nordrhein-WestfallenTroisdorf
43%
SachsenTorgau
30%
BrandenburgTeltow
24%
Mecklenburg-VorpommernTorgelow
21%
HessenTaunusstein
19%
BayernTraunreut
19%
Schleswig-HolsteinTornesch
7%
Sachsen-AnhaltTangerhütte
6%
ThüringenTreffurt
6%
NiedersachsenTwistringen
6%

Verteilung der Resultate

Perzentil nach korrekt beantworteten Fragen

Anzahl Personen mit jedem Resultat

Ihre Resultats-Entwicklung

Sie haben dieses Quiz noch nicht gespielt